[Event "Erbil zt 3.1"]
[Site "Erbil"]
[Date "2025.04.13"]
[Round "7"]
[White "Yahiya, Dlshad Hasan"]
[Black "Sarkot, Mohamed Qasim"]
[Result "1-0"]
[WhiteElo "1609"]
[BlackElo "1839"]
[PlyCount "87"]
[EventDate "2025.04.08"]
[EventType "swiss"]
[EventRounds "9"]
[EventCountry "IRQ"]
[SourceTitle "CB16_2025"]
[SourceDate "2025.04.16"]
[SourceVersion "1"]
[SourceVersionDate "2025.04.16"]
[SourceQuality "1"]

1. e4 e6 2. Nf3 d5 3. Nc3 dxe4 4. Nxe4 a6 5. Bc4 Nd7 6. d4 Ngf6 7. Bg5 b5 8. Bb3 Bb7 9. Ng3 Be7 10. 0-0 c5 11. dxc5 Nxc5 12. Nd4 0-0 13. Re1 Nfe4 14. Nxe4 Bxe4 15. Bxe7 Qxe7 16. f3 Nxb3 17. Nxb3 Rfd8 18. Qe2 Bg6 19. Rad1 Rac8 20. c3 Qh4 21. Nd4 Qe7 22. a4 b4 23. Qxa6 bxc3 24. bxc3 Qc5 25. Kf1 Rd6 26. Nb3 Rxa6 27. Nxc5 Rac6 28. Ne4 Bxe4 29. fxe4 Rxc3 30. Ra1 R3c6 31. a5 Ra8 32. Reb1 Rca6 33. Ke2 Kf8 34. Rb5 Ke7 35. Kd3 g6 36. Kc4 Kd6 37. e5+ Ke7 38. Rb7+ Ke8 39. Kb5 h5 40. Rb6 R6a7 41. a6 Kd8 42. Rb7 Rxb7+ 43. axb7 Rb8 44. Kb6 1-0

[Event "Erbil zt 3.1"]
[Site "Erbil"]
[Date "2025.04.11"]
[Round "5"]
[White "Sarkot, Mohamed Qasim"]
[Black "Al Hajiri, Bader"]
[Result "0-1"]
[WhiteElo "1839"]
[BlackElo "1955"]
[PlyCount "28"]
[EventDate "2025.04.08"]
[EventType "swiss"]
[EventRounds "9"]
[EventCountry "IRQ"]
[SourceTitle "CB16_2025"]
[SourceDate "2025.04.16"]
[SourceVersion "1"]
[SourceVersionDate "2025.04.16"]
[SourceQuality "1"]

1. e4 e5 2. Bc4 Nf6 3. d4 Nxe4 4. dxe5 Qh4 5. Be3 Nxf2 6. Bxf2 Qxc4 7. Nd2 Qb5 8. Ngf3 Nc6 9. c4 Qxb2 10. 0-0 Be7 11. Ne4 0-0 12. Qd3 d6 13. exd6 Bxd6 14. Rfb1 Qa3 0-1